The study on economic efficiency of dry season rice production in roung damrei commune, ba phnom district, prey veng province; ការសិក្សាអំពីប្រសិទ្ធភាពសេដ្ឋកិច្ចនៃផលិតកម្មស្រូវប្រាំងនៅឃុំរោងដំរី ស្រុកបាភ្នំ ខេត្តព្រៃវែង (Record no. 8225)
[ view plain ]
| 000 -LEADER | |
|---|---|
| fixed length control field | 00761nam a22001577a 4500 |
| 003 - CONTROL NUMBER IDENTIFIER | |
| control field | OSt |
| 005 - DATE AND TIME OF LATEST TRANSACTION | |
| control field | 20160630152845.0 |
| 008 - FIXED-LENGTH DATA ELEMENTS--GENERAL INFORMATION | |
| fixed length control field | 160630b xxu||||| |||| 00| 0 eng d |
| 040 ## - CATALOGING SOURCE | |
| Transcribing agency | RUA |
| 082 ## - DEWEY DECIMAL CLASSIFICATION NUMBER | |
| Classification number | AED SOK 2014 B490 Or.1 |
| 100 ## - MAIN ENTRY--PERSONAL NAME | |
| 9 (RLIN) | 8583 |
| Personal name | SOK SEYHA; |
| 245 ## - TITLE STATEMENT | |
| Title | The study on economic efficiency of dry season rice production in roung damrei commune, ba phnom district, prey veng province; ការសិក្សាអំពីប្រសិទ្ធភាពសេដ្ឋកិច្ចនៃផលិតកម្មស្រូវប្រាំងនៅឃុំរោងដំរី ស្រុកបាភ្នំ ខេត្តព្រៃវែង |
| 260 ## - PUBLICATION, DISTRIBUTION, ETC. (IMPRINT) | |
| Place of publication, distribution, etc. | Phnom Penh |
| Name of publisher, distributor, etc. | RUA |
| Date of publication, distribution, etc. | 2014 |
| 300 ## - PHYSICAL DESCRIPTION | |
| Extent | x; 52p. |
| Other physical details | ill. |
| Dimensions | 29cm. |
| 942 ## - ADDED ENTRY ELEMENTS (KOHA) | |
| Source of classification or shelving scheme | |
| Koha item type | AED |
| Price effective from | Date last seen | Permanent Location | Not for loan | Date acquired | Source of classification or shelving scheme | Koha item type | Lost status | Withdrawn status | Total Renewals | Date last checked out | Total Checkouts | Shelving location | Damaged status | Barcode | Current Location | Full call number |
|---|---|---|---|---|---|---|---|---|---|---|---|---|---|---|---|---|
| 2016-06-30 | 2016-06-30 | Library Block B | 2016-06-30 | AED | B490 | RUA058964 | Library Block B | AED SOK 2014 B490 Or.1 | ||||||||
| 2016-06-30 | 2016-06-30 | Library Block B | 2016-06-30 | AED | B490 | RUA058908 | Library Block B | AED SOK 2014 B490 Or.2 | ||||||||
| 2016-06-30 | 2018-07-20 | Library Block B | 2016-06-30 | AED | 1 | 2018-04-24 | 3 | B490 | RUA058904 | Library Block B | AED SOK 2014 B490 Or.3 | |||||
| 2016-06-30 | 2016-06-30 | Library Block B | 2016-06-30 | AED | B490 | RUA058920 | Library Block B | AED SOK 2014 B490 Or.4 | ||||||||
| 2016-06-30 | 2016-06-30 | Library Block B | 2016-06-30 | AED | B490 | RUA058968 | Library Block B | AED SOK 2014 B490 Or.5 | ||||||||
| 2016-06-30 | 2016-06-30 | Library Block B | 2016-06-30 | AED | B490 | RUA057699 | Library Block B | AED SOK 2014 B490 Or.6 | ||||||||
| 2016-06-30 | 2018-07-11 | Library Block B | 2016-06-30 | AED | 2018-06-19 | 1 | B490 | RUA057399 | Library Block B | AED SOK 2014 B490 Or.7 | ||||||
| 2016-06-30 | 2016-06-30 | Library Block B | 2016-06-30 | AED | B490 | RUA057425 | Library Block B | AED SOK 2014 B490 Or.8 | ||||||||
| 2021-12-08 | 2021-12-08 | Library Block B | 2021-12-08 | AED | B545 | A065670 | Library Block B | AED SOK 2014 B545 Or.1 |